Manažment pacientov na centrálnom príjme

Salvato in:
Dettagli Bibliografici
Autore principale: Šimčíková, Simona (Autore)
Altri autori: Hambalík, Alexander (Relatore della tesi)
Natura: Manoscritto Libro
Lingua:slovacco
Pubblicazione: 2019
Soggetti:
Accesso online:http://is.stuba.sk/zp/portal_zp.pl?podrobnosti=144471
Tags: Aggiungi Tag
Nessun Tag, puoi essere il primo ad aggiungerne!!

MARC

LEADER 00000ntm a22000003a 4500
001 stuzp71615
003 SK-STU
005 20190823103758.8
007 ta
008 150427s2015----xo-----f-mn---000-0-slo-d
040 |a STU  |b slo 
041 0 |a slo 
044 |a xo 
100 1 |a Šimčíková, Simona  |u 035000  |k Z4  |4 aut  |U FEI Fakulta elektrotechniky a informatiky  |T FEI Ústav informatiky a matematiky  |X 74814  |U E050  |Y 816  |7 74814 
242 0 1 |a Patient Management at Hospital Emergency Units  |y eng 
245 1 0 |a Manažment pacientov na centrálnom príjme 
260 |c 2019 
300 |a 53 s., príl.,  |b DVD 
650 4 |a centrálny príjem  |2 slo 
650 4 |a manažment dát  |2 slo 
650 4 |a manažment pacientov  |2 slo 
650 4 |a urgent  |2 slo 
650 4 |a zdravotníctvo  |2 slo 
650 4 |a NIS  |2 slo 
650 4 |a HIS  |2 eng 
650 4 |a emergency department  |2 eng 
650 4 |a data management  |2 eng 
650 4 |a patient management  |2 eng 
650 4 |a hospital emergency units  |2 eng 
650 4 |a health service  |2 eng 
700 1 |a Hambalík, Alexander  |u 035000  |k Z1  |4 ths  |U FEI Fakulta elektrotechniky a informatiky  |T FEI Ústav informatiky a matematiky  |X 284  |U E050  |Y 816  |7 A000000284 
856 4 |u http://is.stuba.sk/zp/portal_zp.pl?podrobnosti=144471 
996 |b 284EP12340  |c E*DIPL- 12340  |l EE35  |s P  |a 0  |w stuzp71615_0001